000 01010 a2200217 4500
001 40360
005 20260407155657.0
008 260407a1958 arg spa d
003 AR-UNSa-BCEJYS
040 _aAR-UNSa-BCEJYS
_bspa
_cAR-UNSa-BCEJYS
080 _a283/289
_xIglesias católicas no romanas. Protestantismo
245 1 0 _aEl protestantismo y el mundo moderno
264 1 _aMéxico :
_bFondo de Cultura Económica
_c1958
300 _a108 p.
_c17 p.
505 _a1. Notas sobre el libro y el autor - 2. Nota del autor - 3. Uno de los conceptos históricos generales ...... - 4. Tampoco el protestanismo deja de ser un concepto histórico .... - 5. Si las cosas son así, resulta obvio ... - 6. La primea circusntancia y que mayormente se destaca es que el protestantismo ... - 7. Hemos perseguido hasta ahora las influencia del protestsnismo en la familia ...-
041 _aspa
942 _cBK
590 _aniveau_biblio:m niveau_hierar:0
100 1 _aTroeltsch, E.
700 1 _aImaz, Eugenio
999 _c3202
_d3202